Change (the) Management Why We as Leaders Must Change for the Change to Last

Gespeichert in:
Bibliographische Detailangaben
1. Verfasser: Comeaux, Al
Format: Buch
Sprache:Englisch
Veröffentlicht: [S.l.] Lioncrest Publishing 2020
Schlagworte:
Tags: Tag hinzufügen
Keine Tags, Fügen Sie das erste Tag hinzu!

MARC

LEADER 00000nam a2200000 4500
001 0279506
005 20240417073812.2
020 |a 978-1-5445-0916-7 
020 |a 978-1-5445-0915-0 
020 |a 978-1-5445-0914-3 
020 |a 978-1-5445-0917-4 
041 0 |a eng 
245 1 0 |a Change (the) Management  |b Why We as Leaders Must Change for the Change to Last  |c Al Comeaux 
264 1 |a [S.l.]  |b Lioncrest Publishing  |c 2020 
300 |a 271 s. 
610 2 0 |a manažment 
610 2 0 |a lídri 
610 2 0 |a vodcovstvo 
610 2 0 |a riadenie podnikové 
610 2 0 |a metódy riadenia 
610 2 0 |a zmeny organizačné 
100 1 |a Comeaux, Al